Länder Amerikas nach Fläche (beliebige Reihenfolge) - Statistiken

Allgemein
  • Dieses Quiz wurde 7 mal gespielt
  • Das Durchschnittsergebnis liegt bei 31 aus 35
Antwortstatistiken
Hint Antwort % Korrekt
2'780'400 km² Argentinien
100%
1'098'581 km² Bolivien
100%
8'515'770 km² Brasilien
100%
756'102 km² Chile
100%
9'984'670 km² Kanada
100%
1'138'910 km² Kolumbien
100%
110'860 km² Kuba
100%
1'964'375 km² Mexiko
100%
406'752 km² Paraguay
100%
176'215 km² Uruguay
100%
9'525'067 km² USA
100%
912'050 km² Venezuela
100%
443 km² Antigua und Barbuda
83%
13'880 km² Bahamas
83%
430 km² Barbados
83%
22'966 km² Belize
83%
751 km² Dominica
83%
48'670 km² Dominikanische Republik
83%
283'561 km² Ecuador
83%
21'041 km² El Salvador
83%
108'889 km² Guatemala
83%
214'969km² Guyana
83%
27'750 km² Haiti
83%
10'991 km² Jamaika
83%
130'370 km² Nicaragua
83%
75'420 km² Panama
83%
1'285'216 km² Peru
83%
261 km² St. Kitts und Nevis
83%
616 km² St. Lucia
83%
389 km² St. Vincent und die Grenadinen
83%
163'820 km² Suriname
83%
5'128 km² Trinidad und Tobago
83%
51'100 km² Costa Rica
67%
344 km² Grenada
67%
112'090 km² Honduras
67%
Keine übereinstimmenden Quizze gefunden
Verteilung der Resultate
Anzahl Personen mit jedem Resultat
Perzentil nach korrekt beantworteten Fragen
Ihre Resultats-Entwicklung
Sie haben dieses Quiz noch nicht gespielt